Гражданское общество: состояние и перспективы развития в Воронежской области (Запись № 11978682)
[ простой вид ]
| 000 -МАРКЕР | |
|---|---|
| контрольное поле | 01801nam0a2200337 i 4500 |
| 001 - ИДЕНТИФИКАТОР ЗАПИСИ | |
| контрольное поле | RU\NLR\BIBL_A\011212131 |
| 005 - ИДЕНТИФИКАТОР ВЕРСИИ | |
| контрольное поле | 20260407195813.0 |
| 010 ## - МЕЖДУНАРОДНЫЙ СТАНДАРТНЫЙ НОМЕР КНИГИ (ISBN) | |
| Номер (ISBN) | 9785444608241 |
| Тираж | 1000 |
| 021 ## - НОМЕР ГОСУДАРСТВЕННОЙ РЕГИСТРАЦИИ | |
| Код страны | российская федерация |
| Номер | 2016-66673 |
| Номер Листа государственной регистраци | 4273 |
| 035 ## - ДРУГИЕ СИСТЕМНЫЕ НОМЕРА | |
| Идентификатор записи | (NLR Aleph) 011212131 |
| 100 ## - ДАННЫЕ ОБЩЕЙ ОБРАБОТКИ | |
| Данные общей обработки | 20160914d2016 k y0rusy50 ca |
| 101 0# - ЯЗЫК РЕСУРСА | |
| Язык текста, звукозаписи и т.д. | русский |
| 102 ## - СТРАНА ПУБЛИКАЦИИ ИЛИ ПРОИЗВОДСТВА | |
| Страна публикации | российская федерация |
| 105 ## - ПОЛЕ КОДИРОВАННЫХ ДАННЫХ: ТЕКСТОВЫЕ МАТЕРИАЛЫ, МОНОГРАФИЧЕСКИЕ | |
| Кодированные данные о монографическом текстовом документе | y z 000zy |
| 200 1# - ЗАГЛАВИЕ И СВЕДЕНИЯ ОБ ОТВЕТСТВЕННОСТИ | |
| Основное заглавие | Гражданское общество: состояние и перспективы развития в Воронежской области |
| Первые сведения об ответственности | [Л.Н. Алисова, Л.А. Гончаров, Р.И. Мельникова и др. |
| Последующие сведения об ответственности | редкол.: ... Л.Н. Алисова (отв. ред.), Р.И. Мельникова] |
| -- | МОАУ ВО "Воронеж. ин-т экономики и соц. упр." |
| 210 ## - ПУБЛИКАЦИЯ, РАСПРОСТРАНЕНИЕ И ДР. | |
| Место издания, распространения и т.д. | Воронеж |
| Имя издателя, распространителя и т. д. | Научная книга |
| Дата издания, распространения и т.д. | 2016 |
| 215 ## - ФИЗИЧЕСКАЯ ХАРАКТЕРИСТИКА | |
| Специфическое обозначение материала и объем | 369, [1] с. |
| Размеры | 21 |
| 300 ## - ОБЩИЕ ПРИМЕЧАНИЯ | |
| Текст примечания | Авт. указаны на обороте тит. л. |
| 320 ## - ПРИМЕЧАНИЯ О НАЛИЧИИ В ДОКУМЕНТЕ БИБЛИОГРАФИИ / УКАЗАТЕЛЯ | |
| Текст примечания | Библиогр.: с. 197-204 (57 назв.) |
| 606 1# - НАИМЕНОВАНИЕ ТЕМЫ КАК ПРЕДМЕТ | |
| Наименование темы | Гражданское общество |
| Географический подзаголовок | Воронежская область |
| Системный номер авторитетной/нормативной записи | 2307096 |
| Идентификатор авторитетной/нормативной записи | RU\NLR\AUTH\6601606962 |
| 686 1# - ИНДЕКСЫ ДРУГИХ КЛАССИФИКАЦИЙ | |
| Индекс | Ф3(2Р-4Вр)11 |
| 701 #1 - ИМЯ ЛИЦА - АЛЬТЕРНАТИВНАЯ ОТВЕТСТВЕННОСТЬ | |
| Материалы, к которым относится поле | rus |
| Графика поля | Кириллица |
| Начальный элемент ввода | Алисова |
| Часть имени, кроме начального элемента ввода | Л.Н. |
| Даты | 1943- |
| Расширение инициалов личного имени | Любовь Николаевна |
| Идентификатор авторитетной/нормативной записи | RU\NLR\AUTH\7723755 |
| Системный номер авторитетной/нормативной записи | 6808 |
| 701 #1 - ИМЯ ЛИЦА - АЛЬТЕРНАТИВНАЯ ОТВЕТСТВЕННОСТЬ | |
| Начальный элемент ввода | Гончаров |
| Часть имени, кроме начального элемента ввода | Л. А. |
| Расширение инициалов личного имени | Леонид Александрович |
| 701 #1 - ИМЯ ЛИЦА - АЛЬТЕРНАТИВНАЯ ОТВЕТСТВЕННОСТЬ | |
| Материалы, к которым относится поле | rus |
| Графика поля | Кириллица |
| Начальный элемент ввода | Мельникова |
| Часть имени, кроме начального элемента ввода | Р. И. |
| Дополнения к именам, кроме дат | д-р социол. наук |
| Расширение инициалов личного имени | Раиса Ильинична |
| Идентификатор авторитетной/нормативной записи | RU\NLR\AUTH\7798720 |
| Системный номер авторитетной/нормативной записи | 81646 |
| 712 02 - НАИМЕНОВАНИЕ ОРГАНИЗАЦИИ - ВТОРИЧНАЯ ОТВЕТСТВЕННОСТЬ | |
| Код отношения | Прочие |
| Начальный элемент ввода | Воронежский институт экономики и социального управления |
| Идентификатор авторитетной/нормативной записи | RU\NLR\AUTH\8810130368 |
| Системный номер авторитетной/нормативной записи | 757483 |
| 942 ## - ДОПОЛНИТЕЛЬНЫЕ ЭЛЕМЕНТЫ ЗАПИСИ (АБИС) | |
| Тип экземпляра АБИС | Книга |
| 980 ## - КОЛЛЕКЦИЯ | |
| Название коллекции | НБР |
Нет доступных экземпляров.